مكتبة جامعة عجلون الوطنية

فهرس بحث المكتبة

Normal view MARC view
  • الجريمة والمجرمون -- علم الاجرام -- جناح الاحداث

Entry Topical Term

Number of records used in: 1

001 - CONTROL NUMBER

  • control field: 25195

003 - CONTROL NUMBER IDENTIFIER

  • control field: JO-AjAnu

005 - DATE AND TIME OF LATEST TRANSACTION

  • control field: 20230606074317.0

008 - FIXED-LENGTH DATA ELEMENTS

  • fixed length control field: 230606|| aca||aabn | a|a d

040 ## - CATALOGING SOURCE

  • Original cataloging agency: JO-AjAnu
  • Transcribing agency: JO-AjAnu

150 ## - HEADING--TOPICAL TERM

  • Topical term or geographic name entry element: الجريمة والمجرمون -- علم الاجرام -- جناح الاحداث

670 ## - SOURCE DATA FOUND

  • Source citation: Work cat.: (JO-AjAnu)12959: الحكيمي ، عبد الباسط محمد سيف , author 25194, النظرية العامة للجرائم ذات الخطر العام